00708nam a2200181 a 450000100100000000500170001000800410002704000250006808200140009324000520010724501120015926000310027130000350030270000260033770000340036395201120039799900170050900003639320200930075715.0120116s1986 sp ac 000 0 spa d aDO-SdBNPbspacBNPHU axxxbF97910aAssessing vital functions accuratelylespañol00aFunciones vitales :bexamen y valoración /cClinical editor Barbara McVan ; traducción Angeles Peiró. aBarcelona :bDoyma,c1986. a192 p. :bil., retr. ;c24 cm.1 aMcVan, Barbara9622971 aPeiró, Angeles,etr.962542 001050718MOaGRbGRcCTd2012-01-16iLF1l0oxxx F979p36394-10r2020-06-25w2020-06-25y1ZNo se presta c35884d35884